Northern Constellations - Statistics

General Stats
  • This quiz has been taken 30 times
  • The average score is 23 of 36
Answer Stats
Answer % Correct
Andromeda
95%
Orion
95%
Ursa major
89%
Ursa minor
89%
Aries
84%
Bootes
84%
Leo
84%
Cassiopeia
79%
Draco
74%
Lynx
74%
Perseus
74%
Auriga
68%
Camelopardalis
68%
Cancer
68%
Cepheus
68%
Hercules
68%
Lyra
68%
Pisces
68%
Taurus
68%
Triangulum
68%
Cygnus
63%
Gemini
63%
Pegasus
63%
Sagitta
63%
Aquila
53%
Leo Minor
53%
Canis Minor
47%
Coma Berenices
47%
Corona Borealis
47%
Lacerta
47%
Serpens
47%
Vulpecula
47%
Canes Venatici
37%
Equuleus
32%
Delphinus
26%
Monoceros
21%
No matching quizzes found
Score Distribution
Percent of People with Each Score
Percentile by Number Answered
Your Score History
You have not taken this quiz